Normal view
MARC view
- SHARMEEM, HUSSIAN KADRI, JUSTICE
Entry Personal Name
001 - CONTROL NUMBER
- control field: 74557
003 - CONTROL NUMBER IDENTIFIER
- control field: NUST
005 - DATE AND TIME OF LATEST TRANSACTION
- control field: 20210628205237.0
008 - FIXED-LENGTH DATA ELEMENTS
- fixed length control field: 210628|| aca||aabn | a|a d
040 ## - CATALOGING SOURCE
- Original cataloging agency: NUST
- Transcribing agency: NUST
100 ## - HEADING--PERSONAL NAME
- Personal name: SHARMEEM, HUSSIAN KADRI, JUSTICE
670 ## - SOURCE DATA FOUND
- Source citation: Work cat.: (NUST): SHARMEEM, HUSSIAN KADRI, JUSTICE, CREATION OF PAKISTAN, 1982
